000 00945nam a22002537a 4500
999 _c6692
_d6692
003 OSt
005 20200516001020.0
008 200516b1992 ck fr|||| 001 0 spa d
020 _a9586160106
040 _aCO-JMCR
_cCO-JMCR
041 0 _aspa
082 0 4 _a330 /
_bC965i1
_223
100 1 _aCuevas, Homero,
_eautor
_9697
245 1 0 _aIntroducción a la economía /
_cHomero Cuevas
250 _aCuarta edición
260 _aBogotá :
_bUniversidad Externado de Colombia,
_c1992
300 _axx, 722 páginas ;
_c24 cm.
500 _aIncluye índice analítico.
504 _aBibliografía: páginas 713-715
505 0 _aObjetivo y método de la economía -- Fundamentos de la economía de mercado --Funcionamiento de una economía mercantil simplificada -- La función demanda -- La función oferta -- Interacciones de oferta y demanda
650 1 4 _aEconomía
_94460
650 1 4 _aTeoría económica
_91066
942 _2ddc
_cBK